000 00963nam a2200253Ia 4500
003 OSt
005 20220923220012.0
006 a|||||r|||| 00| 0
007 ta
008 220922b |||||||| |||| 00| 0 hin d
024 _a183,470
037 _cTextual
040 _aARTS
_cARTS
_bhin
041 _2hin
_ahin
082 _aO152,1:gN, N0
100 _aनीरव, हनुमंतराय
_9156270
245 0 _aअस्तिवादी स्वतंत्रता का प्रभा मंडल और नयी कविता
246 _aAstivādī svatantratā kā prabhā hinḍal aur nayī kavitā
260 _aचन्डीगड
_b हरियाणा साहित्य अकादमी
_c1990
300 _a288 पृ.
_ccm.
650 _aहिन्दी साहित्य
_9156264
942 _hO152,1:gN, N0
_cTEXL
_2CC
999 _c336806
_d336806